000 00551nam a2200217Ia 4500
003 OSt
005 20220925205637.0
006 a|||||r|||| 00| 0
007 ta
008 220923b |||||||| |||| 00| 0 eng d
037 _cGeneral Book
040 _aRTL
_cRTL
_beng
041 _2eng
_aeng
082 _aX5k, L7
245 0 _aBUSINESS ALMANAC Ed by Sumner N Levine
260 _aHomewood
_bDow Jones Irwin
_c1977
300 _a661p.
_ccm.
650 _aCommerce
942 _hX5k, L7
_cGB
_2CC
999 _c552750
_d552750